| 000 | 00623cam a22002411 4500 | ||
|---|---|---|---|
| 001 | sa 68003546 | ||
| 003 | DLC | ||
| 005 | 20260227112453.0 | ||
| 008 | 890703s1966 ii b 000 0 orio | ||
| 010 | _asa 68003546 | ||
| 035 | _a(OCoLC)19959740 | ||
| 040 |
_aDLC _cWaU _dDLC |
||
| 042 | _apremarc | ||
| 043 | _aa-ii--- | ||
| 050 | 0 | 0 |
_aPK2572 _b.M58 |
| 100 | 1 |
_aMohanty, Janaki Ballabha, _d1924- |
|
| 245 | 1 | 0 | _aOḍiā gīti-kābya. |
| 260 | _c[1966] | ||
| 300 |
_a2, 3, 353, [1] p. _c22 cm. |
||
| 500 | _aIn Oriya. | ||
| 504 | _aBibliography : p. [343]-[354] | ||
| 650 | 0 |
_aOriya poetry _xHistory and criticism. |
|
| 999 |
_c79566 _d79566 |
||